Normal view
MARC view
- Elaine M. Cooney
Entry Personal Name
001 - CONTROL NUMBER
- control field: 251
003 - CONTROL NUMBER IDENTIFIER
- control field: NUST
005 - DATE AND TIME OF LATEST TRANSACTION
- control field: 20170509171317.0
008 - FIXED-LENGTH DATA ELEMENTS
- fixed length control field: 170509|| aca||aabn | a|a d
040 ## - CATALOGING SOURCE
- Original cataloging agency: NUST
- Transcribing agency: NUST
100 ## - HEADING--PERSONAL NAME
- Personal name: Elaine M. Cooney
670 ## - SOURCE DATA FOUND
- Source citation: Work cat.: (NUST)24056: Elaine M. Cooney , RFID+The Complete Review of Radio frequency identification , c2006
